[Event "Paris-ch op-FIDE 89th"]
[Site "Paris"]
[Date "2014.07.06"]
[Round "2"]
[White "Philippe, Christophe"]
[Black "Adam, Etienne"]
[Result "0-1"]
[WhiteElo "2393"]
[BlackElo "2244"]
[PlyCount "104"]
[EventDate "2014.07.05"]
[EventType "swiss"]
[EventRounds "9"]
[EventCountry "FRA"]
[SourceTitle "CBM 161 Extra"]
[Source "ChessBase"]
[SourceDate "2014.08.29"]
[SourceVersion "1"]
[SourceVersionDate "2014.08.29"]
[SourceQuality "1"]

1. e4 c5 2. c3 d5 3. exd5 Qxd5 4. d4 Nf6 5. Nf3 Bg4 6. Be2 e6 7. 0-0 Nc6 8. h3 Bh5 9. Na3 cxd4 10. Nb5 Qd8 11. Nfxd4 Bxe2 12. Qxe2 Nxd4 13. Nxd4 Be7 14. Rd1 Qc8 15. Qb5+ Nd7 16. a4 a6 17. Qe2 Nf6 18. Bg5 h6 19. Bh4 0-0 20. Rd3 Re8 21. Rg3 Kh8 22. a5 g5 23. Bxg5 hxg5 24. Rxg5 Rg8 25. Nf3 Rxg5 26. Nxg5 Qg8 27. Nf3 Rd8 28. Ra4 Qg7 29. Ne5 Rd5 30. Rc4 Rc5 31. Rxc5 Bxc5 32. Qf3 b6 33. b4 Bd6 34. Nc4 Ne8 35. axb6 Qg5 36. g3 Kg7 37. Nxd6 Nxd6 38. b7 Qb5 39. b8Q Qxb8 40. Qc6 Nb5 41. Qxa6 Nxc3 42. Qc4 Qe5 43. h4 Ne2+ 44. Kg2 Nd4 45. Qd3 Qd5+ 46. f3 Qa2+ 47. Kh3 Qf2 48. f4 Nf5 49. b5 Ne3 50. Qd4+ f6 51. Qd7+ Kh6 52. Qc6 Qf1+ 0-1

[Event "Saint Affrique op 19th"]
[Site "Saint Affrique"]
[Date "2011.07.25"]
[Round "3"]
[White "Kukov, Velislav"]
[Black "Adam, Etienne"]
[Result "1/2-1/2"]
[WhiteElo "2377"]
[BlackElo "2183"]
[PlyCount "63"]
[EventDate "2011.07.23"]
[EventType "swiss"]
[EventRounds "9"]
[EventCountry "FRA"]
[SourceTitle "CBM 143 Extra"]
[Source "ChessBase"]
[SourceDate "2011.08.29"]
[SourceVersion "1"]
[SourceVersionDate "2011.08.29"]
[SourceQuality "1"]

1. Nf3 d5 2. c4 c6 3. e3 Nf6 4. Nc3 a6 5. Qc2 e6 6. b3 Nbd7 7. d4 b5 8. Bd3 b4 9. Na4 Bb7 10. c5 Qc7 11. Bb2 a5 12. 0-0 Ba6 13. a3 Be7 14. axb4 Bxd3 15. Qxd3 axb4 16. Ra2 0-0 17. Rfa1 Ne4 18. Nd2 f5 19. f3 Nxd2 20. Qxd2 Qb7 21. Bc1 e5 22. Bb2 e4 23. Bc1 Ra6 24. Nb2 Rfa8 25. Rxa6 Rxa6 26. Rxa6 Qxa6 27. fxe4 fxe4 28. Qxb4 Qe2 29. Qd2 Qb5 30. Qc2 Bg5 31. Nd1 Nb8 32. Nc3 1/2-1/2

[Event "Le Mans op 22nd"]
[Site "Le Mans"]
[Date "2008.12.23"]
[Round "8"]
[White "Adam, Etienne"]
[Black "Pluyaud, Benoit"]
[Result "1/2-1/2"]
[WhiteElo "2116"]
[BlackElo "1650"]
[PlyCount "74"]
[EventDate "2008.12.23"]
[EventType "swiss"]
[EventRounds "9"]
[EventCountry "FRA"]
[SourceTitle "EXT 2015"]
[Source "ChessBase"]
[SourceDate "2014.11.20"]
[SourceVersion "1"]
[SourceVersionDate "2014.11.20"]
[SourceQuality "1"]

1. e4 c5 2. c3 g6 3. d4 cxd4 4. cxd4 d5 5. exd5 Nf6 6. Bb5+ Nbd7 7. d6 exd6 8. Qe2+ Qe7 9. Nc3 d5 10. Bg5 Qxe2+ 11. Ngxe2 Ne4 12. Be3 Bb4 13. 0-0 Bxc3 14. Nxc3 Nxc3 15. bxc3 a6 16. Bd3 Nb6 17. Bh6 Na4 18. Rfe1+ Be6 19. c4 Kd7 20. c5 b5 21. Re2 Kc6 22. Bf4 Ra7 23. Rae1 Re8 24. f3 Raa8 25. Kf2 a5 26. a3 Ra7 27. Rc2 Rb7 28. Bd2 b4 29. axb4 axb4 30. Ra2 Ra8 31. Rea1 Rba7 32. Bxb4 Nxc5 33. Rc2 Rxa1 34. Rxc5+ Kb6 35. Rb5+ Kc6 36. Rc5+ Kb6 37. Rb5+ Kc6 1/2-1/2

[Event "Condom op 5th"]
[Site "Condom"]
[Date "2006.07.13"]
[Round "7"]
[White "Adam, Etienne"]
[Black "Leenhouts, Koen"]
[Result "1-0"]
[WhiteElo "2068"]
[BlackElo "2395"]
[PlyCount "101"]
[EventDate "2006.07.08"]
[EventType "swiss"]
[EventRounds "9"]
[EventCountry "FRA"]
[SourceTitle "CBM 113 Extra"]
[Source "ChessBase"]
[SourceDate "2006.09.14"]
[SourceVersion "1"]
[SourceVersionDate "2006.09.14"]
[SourceQuality "1"]

1. e4 e5 2. Bc4 Nf6 3. d3 Nc6 4. Nf3 Bc5 5. 0-0 a6 6. c3 Ba7 7. Nbd2 d6 8. Bb3 0-0 9. Nc4 h6 10. Ne3 Be6 11. Bc2 d5 12. exd5 Nxd5 13. Re1 Qf6 14. Nc4 Bg4 15. Ncd2 Nf4 16. d4 exd4 17. Ne4 Qf5 18. Ng3 Bxf3 19. Bxf5 Bxd1 20. Bxf4 dxc3 21. Raxd1 cxb2 22. Bxc7 Nd4 23. Be4 Rac8 24. Be5 Nc2 25. Re2 Rfd8 26. Rf1 Bd4 27. Bxd4 Nxd4 28. Rxb2 b5 29. Nf5 Nxf5 30. Bxf5 Rc5 31. Be4 Rd4 32. Bf3 a5 33. g3 b4 34. Rfb1 Rdc4 35. Kg2 Kf8 36. Rb3 Rc3 37. Rxc3 Rxc3 38. Rb3 Rc5 39. a3 bxa3 40. Rxa3 g6 41. Rd3 Ke7 42. Rd5 Rxd5 43. Bxd5 a4 44. Kf3 f5 45. Ke3 Kf6 46. f4 g5 47. Kd4 Kg6 48. Ke5 a3 49. Be6 Kh5 50. Kxf5 g4 51. Bf7# 1-0

[Event "Condom op 5th"]
[Site "Condom"]
[Date "2006.07.08"]
[Round "1"]
[White "Adam, Etienne"]
[Black "Simon, Olivier"]
[Result "0-1"]
[WhiteElo "2068"]
[BlackElo "2403"]
[PlyCount "68"]
[EventDate "2006.07.08"]
[EventType "swiss"]
[EventRounds "9"]
[EventCountry "FRA"]
[SourceTitle "CBM 113 Extra"]
[Source "ChessBase"]
[SourceDate "2006.09.14"]
[SourceVersion "1"]
[SourceVersionDate "2006.09.14"]
[SourceQuality "1"]

1. e4 c5 2. c3 d5 3. exd5 Qxd5 4. d4 Nc6 5. Nf3 Bg4 6. dxc5 Qxd1+ 7. Kxd1 0-0-0+ 8. Ke1 g6 9. Nbd2 e6 10. Ne4 Bf5 11. Nd6+ Bxd6 12. cxd6 Rxd6 13. Be3 f6 14. Nd4 Nxd4 15. Bxd4 b6 16. Ba6+ Kc7 17. Ke2 e5 18. Be3 Ne7 19. Rad1 Nd5 20. Bc4 Be6 21. Bb3 Rhd8 22. Bc1 b5 23. f3 a5 24. h4 a4 25. Bxd5 Bxd5 26. Rd2 Bc4+ 27. Ke1 Bxa2 28. Rxd6 Rxd6 29. Kf2 Kb6 30. Re1 Kc5 31. b3 axb3 32. Ba3+ Kc6 33. Bxd6 Kxd6 34. Re2 Kd5 0-1

[Event "FRA-chT2A 0506"]
[Site "France"]
[Date "2006.02.05"]
[Round "7.3"]
[White "Adam, Etienne"]
[Black "Claverie, Christophe"]
[Result "0-1"]
[WhiteElo "2072"]
[BlackElo "2326"]
[PlyCount "42"]
[EventDate "2005.10.27"]
[EventType "team-tourn"]
[EventRounds "11"]
[EventCountry "FRA"]
[SourceTitle "EXT 2006"]
[Source "ChessBase"]
[SourceDate "2005.11.24"]
[SourceVersion "1"]
[SourceVersionDate "2005.11.24"]
[SourceQuality "1"]
[WhiteTeam "Niort"]
[BlackTeam "Clermont Ferrand"]
[WhiteTeamCountry "FRA"]
[BlackTeamCountry "FRA"]

1. e4 Nc6 2. Nc3 e5 3. Nf3 Nf6 4. g3 d6 5. h3 Nd4 6. Nxd4 exd4 7. Ne2 Nxe4 8. d3 Nf6 9. Nxd4 c5 10. Nf3 d5 11. d4 c4 12. Bf4 Bd6 13. Qe2+ Be6 14. Bxd6 Qxd6 15. Ne5 0-0 16. f3 Nh5 17. Qf2 f6 18. Ng4 Nxg3 19. Rg1 h5 20. Ne3 Rfe8 21. Kd2 Qf4 0-1

[Event "Rochefort op 5th"]
[Site "Rochefort"]
[Date "2006.??.??"]
[Round "5"]
[White "Adam, Etienne"]
[Black "Lagunes, Jean Renaud"]
[Result "1/2-1/2"]
[WhiteElo "2072"]
[BlackElo "2157"]
[PlyCount "106"]
[EventDate "2006.02.15"]
[EventType "swiss"]
[EventRounds "9"]
[EventCountry "FRA"]
[SourceTitle "EXT 2007"]
[Source "ChessBase"]
[SourceDate "2006.11.23"]
[SourceVersion "1"]
[SourceVersionDate "2006.11.23"]
[SourceQuality "1"]

1. e4 d5 2. exd5 Qxd5 3. Nc3 Qa5 4. d4 Nf6 5. Nf3 Bf5 6. Bd2 e6 7. h3 c6 8. g4 Bg6 9. Ne5 Nbd7 10. Nc4 Qc7 11. h4 h5 12. g5 Nd5 13. Be2 0-0-0 14. Nxd5 cxd5 15. Ne3 Qb6 16. Bc3 Nb8 17. Qd2 Nc6 18. a4 Qc7 19. Bb5 Bd6 20. 0-0-0 Bf4 21. Bd3 Bxd3 22. Qxd3 g6 23. Kb1 Bxe3 24. fxe3 Ne7 25. Be1 Nf5 26. Bf2 Qc6 27. b3 Kb8 28. Rhe1 Rd7 29. e4 dxe4 30. Qxe4 Rhd8 31. Qxc6 bxc6 32. Re4 c5 33. c3 Kb7 34. Kc2 Kc6 35. Rd3 a6 36. Rd1 Rd5 37. Rd3 R5d7 38. Rd1 Rb7 39. Rb1 Rbd7 40. Rd1 Rd5 41. Rd3 R8d7 42. Re1 cxd4 43. cxd4 e5 44. Kc3 exd4+ 45. Bxd4 Nxd4 46. Rxd4 Rc5+ 47. Rc4 Rdd5 48. b4 Rxc4+ 49. Kxc4 Rf5 50. Kd4 Kd6 51. Kc4 f6 52. gxf6 Rxf6 53. b5 axb5+ 1/2-1/2

[Event "Rohde op 05th"]
[Site "Sautron"]
[Date "2005.10.28"]
[Round "7"]
[White "Sanchez, Nicolas"]
[Black "Adam, Etienne"]
[Result "1-0"]
[WhiteElo "2179"]
[BlackElo "2044"]
[PlyCount "79"]
[EventDate "2005.10.22"]
[EventType "swiss"]
[EventRounds "9"]
[EventCountry "FRA"]
[SourceTitle "EXT 2006"]
[Source "ChessBase"]
[SourceDate "2005.11.24"]
[SourceVersion "1"]
[SourceVersionDate "2005.11.24"]
[SourceQuality "1"]

1. d4 d5 2. Nf3 Nf6 3. c4 c6 4. Nc3 a6 5. a4 e6 6. Bg5 Nbd7 7. e3 Qa5 8. Nd2 Bb4 9. Qc2 c5 10. Nb3 Qc7 11. Bf4 Qc6 12. dxc5 dxc4 13. Bxc4 Nxc5 14. 0-0 Ncd7 15. Bb5 Qb6 16. a5 Qa7 17. Be2 0-0 18. Bf3 Re8 19. Bc7 Bxc3 20. Qxc3 Nd5 21. Bxd5 exd5 22. Rfd1 Re6 23. Nd4 Re4 24. Rac1 Nf6 25. Bd8 Ne8 26. f3 Re5 27. Nc6 Qxe3+ 28. Qxe3 Rxe3 29. Ne7+ Rxe7 30. Bxe7 Be6 31. Rd3 Rb8 32. Kf2 g6 33. Bg5 Kf8 34. Rb3 Rc8 35. Rxb7 Rxc1 36. Bh6+ Kg8 37. Bxc1 Bf5 38. Bf4 Bd3 39. Rb8 Bb5 40. Rxb5 1-0

[Event "Rohde op 05th"]
[Site "Sautron"]
[Date "2005.10.22"]
[Round "1"]
[White "Ivanov, Jordan"]
[Black "Adam, Etienne"]
[Result "0-1"]
[WhiteElo "2359"]
[BlackElo "2044"]
[PlyCount "92"]
[EventDate "2005.10.22"]
[EventType "swiss"]
[EventRounds "9"]
[EventCountry "FRA"]
[SourceTitle "EXT 2006"]
[Source "ChessBase"]
[SourceDate "2005.11.24"]
[SourceVersion "1"]
[SourceVersionDate "2005.11.24"]
[SourceQuality "1"]

1. Nf3 d5 2. c4 c6 3. e3 Nf6 4. Nc3 a6 5. d4 b5 6. cxd5 cxd5 7. Ne5 e6 8. Bd3 Bb7 9. 0-0 Bd6 10. Bd2 Nbd7 11. f4 0-0 12. Qf3 b4 13. Ne2 Ne4 14. Be1 f5 15. g4 Nb6 16. Qh3 Qe8 17. Ng3 g6 18. Qh6 Rc8 19. b3 Kh8 20. h3 Rg8 21. Nxe4 dxe4 22. Bh4 Nd5 23. Bc4 Bf8 24. Bxd5 Bxh6 25. Bxb7 Rc3 26. Rac1 Rf8 27. Bc6 Qc8 28. Be7 Re8 29. Bxb4 Rxc1 30. Rxc1 Qc7 31. Bd6 Qa5 32. Nc4 Qxa2 33. Bxe8 fxg4 34. hxg4 Qe2 35. g5 Bg7 36. Bf7 h5 37. Bxg6 Qf3 38. Rc3 Bxd4 39. Be5+ Bxe5 40. Nxe5 Qd1+ 41. Kf2 Qd2+ 42. Kg3 Qxc3 43. Bxe4 Qxe3+ 44. Bf3 Qxb3 45. Kh4 a5 46. Kxh5 Kg7 0-1

[Event "Canarias en Red prel 2nd"]
[Site "Playchess.com INT"]
[Date "2004.05.04"]
[Round "3"]
[White "Adam, Etienne"]
[Black "Canovas, Eric"]
[Result "1-0"]
[WhiteElo "1996"]
[BlackElo "1942"]
[PlyCount "49"]
[EventDate "2004.05.04"]
[EventType "swiss (blitz)"]
[EventRounds "13"]
[EventCountry "GER"]
[SourceTitle "EXT 2005"]
[Source "ChessBase"]
[SourceDate "2004.11.15"]
[SourceVersion "1"]
[SourceVersionDate "2004.11.15"]
[SourceQuality "1"]

1. e4 g6 2. d4 Bg7 3. Nc3 c6 4. Be3 d5 5. e5 Nh6 6. Bd3 f6 7. exf6 exf6 8. Qe2 0-0 9. 0-0-0 Bf5 10. f3 Bxd3 11. Qxd3 Nf5 12. Nge2 Nd7 13. h4 Nd6 14. g4 Nc4 15. h5 g5 16. f4 Qb6 17. b3 Nxe3 18. Qxe3 h6 19. fxg5 fxg5 20. Ng3 Rae8 21. Qd3 Nf6 22. Qg6 Qc7 23. Nf5 Qf7 24. Nxh6+ Kh8 25. Nxf7+ 1-0

[Event "Canarias en Red prel 2nd"]
[Site "Playchess.com INT"]
[Date "2004.05.04"]
[Round "7"]
[White "Adam, Etienne"]
[Black "Rodshtein, Maxim"]
[Result "0-1"]
[WhiteElo "1996"]
[BlackElo "2357"]
[PlyCount "64"]
[EventDate "2004.05.04"]
[EventType "swiss (blitz)"]
[EventRounds "13"]
[EventCountry "GER"]
[SourceTitle "EXT 2005"]
[Source "ChessBase"]
[SourceDate "2004.11.15"]
[SourceVersion "1"]
[SourceVersionDate "2004.11.15"]
[SourceQuality "1"]

1. e4 e6 2. d4 d5 3. e5 c5 4. c3 Nc6 5. Nf3 Bd7 6. Bd3 cxd4 7. cxd4 Qb6 8. 0-0 Nxd4 9. Nxd4 Qxd4 10. Nc3 a6 11. Kh1 Ne7 12. f4 Nc6 13. Ne2 Qb6 14. f5 Nxe5 15. fxe6 Bxe6 16. Nf4 Be7 17. Nxe6 Qxe6 18. Bf5 Qd6 19. Bf4 0-0 20. Bxh7+ Kxh7 21. Qh5+ Kg8 22. Qxe5 Qxe5 23. Bxe5 Rac8 24. Rfd1 Rfd8 25. Rac1 Rxc1 26. Rxc1 f6 27. Bd4 Rd7 28. h3 Kf7 29. Kg1 Bd6 30. Re1 Rc7 31. Re2 Rc4 32. Rd2 Rxd4 0-1

[Event "FRA-chT U20 0304"]
[Site "France"]
[Date "2004.05.01"]
[Round "9"]
[White "Heinz, Timothee"]
[Black "Adam, Etienne"]
[Result "1-0"]
[WhiteElo "2119"]
[BlackElo "1930"]
[PlyCount "69"]
[EventDate "2003.11.??"]
[EventType "team"]
[EventRounds "11"]
[EventCountry "FRA"]
[SourceTitle "EXT 2005"]
[Source "ChessBase"]
[SourceDate "2004.11.15"]
[SourceVersion "1"]
[SourceVersionDate "2004.11.15"]
[SourceQuality "1"]
[WhiteTeam "Bischwiller"]
[BlackTeam "Niort"]
[WhiteTeamCountry "FRA"]
[BlackTeamCountry "FRA"]

1. e4 c5 2. Nf3 d6 3. d4 cxd4 4. Nxd4 Nf6 5. Nc3 Nc6 6. Be2 e6 7. 0-0 Be7 8. Be3 a6 9. f4 Qc7 10. a4 0-0 11. Kh1 Re8 12. a5 Nxa5 13. e5 dxe5 14. fxe5 Nd7 15. Bf4 b6 16. Nd5 Qd8 17. Rxa5 exd5 18. Nc6 Qc7 19. Nxe7+ Rxe7 20. e6 Qd8 21. exd7 bxa5 22. dxc8Q Qxc8 23. Bf3 Raa7 24. Bxd5 Rad7 25. c4 Qc5 26. Qf3 Kh8 27. h3 Qb4 28. Qg4 Rd8 29. Qh4 Rde8 30. Qg3 Qxb2 31. Bd6 Re3 32. Qf2 Re2 33. Qxf7 h6 34. Bf8 Kh7 35. Qg8+ 1-0

[Event "France-ch U16"]
[Site "Reims"]
[Date "2004.04.24"]
[Round "8"]
[White "Adam, Etienne"]
[Black "Dourerassou, Jonathan"]
[Result "0-1"]
[WhiteElo "2027"]
[BlackElo "2296"]
[PlyCount "48"]
[EventDate "2004.04.??"]
[EventType "swiss"]
[EventRounds "9"]
[EventCountry "FRA"]
[SourceTitle "EXT 2005"]
[Source "ChessBase"]
[SourceDate "2004.11.15"]
[SourceVersion "1"]
[SourceVersionDate "2004.11.15"]
[SourceQuality "1"]

1. e4 e6 2. d4 d5 3. e5 c5 4. c3 Nc6 5. Nf3 Bd7 6. a3 f6 7. Bd3 fxe5 8. dxe5 Qc7 9. Bf4 Nh6 10. Qe2 Nf7 11. h4 0-0-0 12. Nbd2 c4 13. Bc2 Be7 14. Kf1 Rdf8 15. Re1 Be8 16. b3 cxb3 17. Bxb3 Bxa3 18. Qd3 Nfd8 19. Bg3 Bg6 20. Qe3 Qa5 21. c4 Bc5 22. Qe2 Qc3 23. Kg1 Bd3 24. Qd1 dxc4 0-1

[Event "France-ch U16"]
[Site "Reims"]
[Date "2004.04.21"]
[Round "5"]
[White "Adam, Etienne"]
[Black "Heinz, Timothee"]
[Result "1/2-1/2"]
[WhiteElo "2027"]
[BlackElo "2120"]
[PlyCount "82"]
[EventDate "2004.04.??"]
[EventType "swiss"]
[EventRounds "9"]
[EventCountry "FRA"]
[SourceTitle "EXT 2005"]
[Source "ChessBase"]
[SourceDate "2004.11.15"]
[SourceVersion "1"]
[SourceVersionDate "2004.11.15"]
[SourceQuality "1"]

1. e4 c5 2. c3 d5 3. exd5 Qxd5 4. d4 Nf6 5. Nf3 Nc6 6. dxc5 Qxc5 7. Na3 e5 8. Be3 Qe7 9. Nc4 Bg4 10. Be2 Qc7 11. Qa4 Bd7 12. Nb6 Rd8 13. Nxd7 Rxd7 14. Bb5 Bd6 15. Bxa7 0-0 16. Be3 Nd5 17. Bd2 Re7 18. Bg5 Ree8 19. Qe4 Nf4 20. 0-0 Ne6 21. Rad1 Nc5 22. Qd5 Re6 23. b4 Nd7 24. h3 e4 25. Ne1 Nb6 26. Qb3 Bf4 27. Bxf4 Qxf4 28. Bxc6 Rxc6 29. Nc2 Rfc8 30. Ne3 h6 31. Rc1 Nc4 32. Nxc4 Rxc4 33. Rfe1 Qe5 34. Re3 f5 35. a4 Kh7 36. f3 Qf4 37. Rce1 Kh8 38. a5 Qe5 39. Rc1 Qd6 40. Rc2 Qd1+ 41. Kh2 Qd6+ 1/2-1/2

[Event "Rochefort op 3rd"]
[Site "Rochefort"]
[Date "2004.02.22"]
[Round "2"]
[White "Adam, Etienne"]
[Black "Bronznik, Valerij"]
[Result "0-1"]
[WhiteElo "1996"]
[BlackElo "2413"]
[PlyCount "134"]
[EventDate "2004.02.21"]
[EventType "swiss"]
[EventRounds "7"]
[EventCountry "FRA"]
[SourceTitle "EXT 2005"]
[Source "ChessBase"]
[SourceDate "2004.11.15"]
[SourceVersion "1"]
[SourceVersionDate "2004.11.15"]
[SourceQuality "1"]

1. e4 c5 2. c3 d5 3. exd5 Qxd5 4. d4 Nc6 5. Nf3 Nf6 6. Be3 cxd4 7. cxd4 Bg4 8. Be2 e6 9. Nc3 Qa5 10. 0-0 Bd6 11. h3 Bh5 12. Qb3 Qb4 13. Qc2 Bg6 14. Bd3 0-0 15. a3 Qa5 16. Nd2 Rac8 17. Rac1 Ne7 18. Qb1 Bxd3 19. Qxd3 Ned5 20. Nce4 Nxe4 21. Nxe4 Nf4 22. Bxf4 Bxf4 23. Rc5 Rxc5 24. dxc5 f5 25. Nd6 Qxc5 26. Nxb7 Qc7 27. Qf3 Rb8 28. Na5 Rxb2 29. Nb3 h6 30. Nd4 Rb6 31. Re1 Qe5 32. Ne2 Bd2 33. Rd1 Kh7 34. Ng3 Rb2 35. Nf1 Ba5 36. Ne3 Bb6 37. Rd3 Rb1+ 38. Nd1 Qe4 39. Kf1 Qxf3 40. gxf3 Bc5 41. Ke2 Ra1 42. Rc3 Ra2+ 43. Kf1 Bxa3 44. Re3 Rd2 45. Rxa3 Rxd1+ 46. Ke2 Rd7 47. Ra6 Re7 48. f4 Kg6 49. Kf3 Kh5 50. Kg3 g5 51. f3 Kg6 52. fxg5 hxg5 53. h4 gxh4+ 54. Kxh4 Kf6 55. f4 Rg7 56. Ra4 a5 57. Kh3 Ra7 58. Kg3 Ke7 59. Kh4 Kd6 60. Kg5 Kc5 61. Kf6 Ra6 62. Ke5 Kb5 63. Ra1 Kc4 64. Rc1+ Kd3 65. Rc8 a4 66. Rd8+ Ke3 67. Rd1 a3 0-1

[Event "FRA-chT U20 0304"]
[Site "France"]
[Date "2003.11.??"]
[Round "2"]
[White "Cornanguer, Erwan"]
[Black "Adam, Etienne"]
[Result "0-1"]
[WhiteElo "1820"]
[BlackElo "1930"]
[PlyCount "74"]
[EventDate "2003.11.??"]
[EventType "team"]
[EventRounds "11"]
[EventCountry "FRA"]
[SourceTitle "EXT 2005"]
[Source "ChessBase"]
[SourceDate "2004.11.15"]
[SourceVersion "1"]
[SourceVersionDate "2004.11.15"]
[SourceQuality "1"]
[WhiteTeam "Guingamp"]
[BlackTeam "Niort"]
[WhiteTeamCountry "FRA"]
[BlackTeamCountry "FRA"]

1. e4 c5 2. Nf3 d6 3. d4 cxd4 4. Nxd4 Nf6 5. Nc3 Nc6 6. Be3 a6 7. Qd2 e6 8. Be2 Be7 9. 0-0-0 Qc7 10. f3 0-0 11. h4 Rd8 12. f4 b5 13. Bf3 Bb7 14. g4 Nxd4 15. Qxd4 Rac8 16. Rd2 Qc4 17. Qxc4 Rxc4 18. Rd4 Rxd4 19. Bxd4 b4 20. Bxf6 gxf6 21. Ne2 f5 22. Ng3 fxg4 23. Bxg4 f5 24. Bf3 Kh8 25. Kd2 Rg8 26. Rh3 Bxh4 27. Nxf5 exf5 28. Rxh4 Bxe4 29. Bxe4 fxe4 30. Rh2 Rg3 31. c4 bxc3+ 32. bxc3 Kg7 33. Re2 d5 34. c4 Ra3 35. c5 Rxa2+ 36. Kd1 Ra1+ 37. Kd2 Ra5 0-1

[Event "Agneaux St Lo U18 op 4th"]
[Site "Agneaux"]
[Date "2002.07.13"]
[Round "5"]
[White "Mourot, Felix"]
[Black "Adam, Etienne"]
[Result "1/2-1/2"]
[WhiteElo "2057"]
[BlackElo "1950"]
[PlyCount "102"]
[EventDate "2002.07.09"]
[EventType "swiss"]
[EventRounds "9"]
[EventCountry "FRA"]
[SourceTitle "EXT 2003"]
[Source "ChessBase"]
[SourceDate "2002.11.25"]
[SourceVersion "1"]
[SourceVersionDate "2002.11.25"]
[SourceQuality "1"]

1. d4 d5 2. Nf3 Nf6 3. c4 e6 4. Nc3 Nbd7 5. cxd5 exd5 6. Bg5 Be7 7. e3 0-0 8. Bd3 c6 9. Qc2 h6 10. Bxf6 Nxf6 11. 0-0 Be6 12. Rab1 Rc8 13. b4 b5 14. Ne5 Ng4 15. Nxg4 Bxg4 16. Rfc1 Re8 17. h3 Be6 18. Ne2 Bd6 19. Kf1 Qe7 20. a3 a5 21. Qd2 axb4 22. axb4 Bd7 23. Nf4 Ra8 24. Bc2 Ra3 25. Nd3 Bf5 26. Nc5 Bxc2 27. Rxc2 Rea8 28. Rbc1 Rc8 29. Rc3 Rxc3 30. Qxc3 Bxc5 31. Qxc5 Qxc5 32. Rxc5 Kf8 33. Ke2 Ke7 34. Rc2 Ke6 35. Ra2 Rc7 36. Ra8 Kf6 37. Kf3 Re7 38. Rc8 Re6 39. Rc7 g5 40. g3 Kg6 41. g4 f5 42. Rc8 Rf6 43. gxf5+ Kxf5 44. Re8 Kg6+ 45. Kg3 Kf7 46. Ra8 Re6 47. Rc8 Kf6 48. Kg4 Re4+ 49. Kf3 Re6 50. Ke2 Kg6 51. Kf3 Kf6 1/2-1/2

[Event "FRA-ch U14"]
[Site "Hyeres"]
[Date "2002.??.??"]
[Round "6.8"]
[White "Adam, Etienne"]
[Black "Heinz, Timothee"]
[Result "0-1"]
[WhiteElo "1840"]
[BlackElo "2053"]
[PlyCount "66"]
[EventDate "2002.04.05"]
[EventType "swiss"]
[EventRounds "9"]
[EventCountry "FRA"]
[SourceTitle "EXT 2003"]
[Source "ChessBase"]
[SourceDate "2002.11.25"]
[SourceVersion "1"]
[SourceVersionDate "2002.11.25"]
[SourceQuality "1"]

1. e4 c5 2. c3 d5 3. exd5 Qxd5 4. d4 Nf6 5. Nf3 Nc6 6. c4 Qe4+ 7. Be3 Ng4 8. Nc3 Nxe3 9. Nxe4 Nxd1 10. Rxd1 cxd4 11. Nxd4 Nxd4 12. Rxd4 e5 13. Rd5 f6 14. Be2 Be6 15. Rb5 0-0-0 16. 0-0 Rd4 17. f3 Be7 18. Rc1 Rhd8 19. a3 a6 20. Rb6 Rxe4 21. Rxe6 Bc5+ 22. Kf1 Red4 23. f4 Rxf4+ 24. Bf3 Rd2 25. Re8+ Kd7 26. Rg8 e4 27. Rxg7+ Ke8 28. Ke1 Rxb2 29. Bh5+ Kf8 30. Rf7+ Kg8 31. Rd1 Bf2+ 32. Kf1 Bd4+ 33. Ke1 Bc3+ 0-1